British-Egyptian relations from Suez to the present day / (Record no. 14832)
[ view plain ]
| 000 -LEADER | |
|---|---|
| fixed length control field | 00980cam a22002535a 4500 |
| 008 - FIXED-LENGTH DATA ELEMENTS--GENERAL INFORMATION | |
| fixed length control field | 101110t2007 enka frb 001 0 eng d |
| 020 ## - INTERNATIONAL STANDARD BOOK NUMBER | |
| International Standard Book Number | 9780863566851 |
| 040 ## - CATALOGING SOURCE | |
| Original cataloging agency | EG-ScBUE |
| Language of cataloging | eng |
| Transcribing agency | EG-ScBUE |
| Modifying agency | EG-ScBUE |
| 082 04 - DEWEY DECIMAL CLASSIFICATION NUMBER | |
| Classification number | 327.41062 |
| Item number | BRI |
| Edition number | 22 |
| 245 ## - TITLE STATEMENT | |
| Title | British-Egyptian relations from Suez to the present day / |
| Statement of responsibility, etc | Edited by Noel Brehony, Ayman El-Desouky |
| 260 ## - PUBLICATION, DISTRIBUTION, ETC. (IMPRINT) | |
| Place of publication, distribution, etc | London : |
| Name of publisher, distributor, etc | Saqi, |
| Date of publication, distribution, etc | c.2007. |
| 300 ## - PHYSICAL DESCRIPTION | |
| Extent | 334 p. : |
| Other physical details | ill. ; |
| Dimensions | 21 cm. |
| 490 ## - Series Statement | |
| Series statement | SOAS Middle East Issues |
| 504 ## - BIBLIOGRAPHY, ETC. NOTE | |
| Bibliography, etc | Includes bibliographical references and index. |
| 650 ## - SUBJECT ADDED ENTRY--TOPICAL TERM | |
| Source of heading or term | BUEsh |
| 651 #7 - SUBJECT ADDED ENTRY--GEOGRAPHIC NAME | |
| 9 (RLIN) | 21124 |
| Geographic name | Great Britain |
| General subdivision | Foreign relations |
| Chronological subdivision | 1945- |
| Source of heading or term | BUEsh |
| 651 #7 - SUBJECT ADDED ENTRY--GEOGRAPHIC NAME | |
| 9 (RLIN) | 21125 |
| Geographic name | Great Britain |
| General subdivision | Foreign relations |
| Geographic subdivision | Egypt |
| Source of heading or term | BUEsh |
| 651 #7 - SUBJECT ADDED ENTRY--GEOGRAPHIC NAME | |
| 9 (RLIN) | 21126 |
| Geographic name | Egypt |
| General subdivision | Foreign relations |
| Chronological subdivision | 1952- |
| Source of heading or term | BUEsh |
| 651 #7 - SUBJECT ADDED ENTRY--GEOGRAPHIC NAME | |
| 9 (RLIN) | 21127 |
| Geographic name | Egypt |
| General subdivision | Foreign relations |
| Chronological subdivision | 1952- |
| Geographic subdivision | Great Britain |
| Source of heading or term | BUEsh |
| 653 ## - INDEX TERM--UNCONTROLLED | |
| Resource For college | BAEPS, Political Science |
| Arrived date list | June2019 |
| 700 ## - ADDED ENTRY--PERSONAL NAME | |
| 9 (RLIN) | 21129 |
| Personal name | Brehony, Noel, |
| Relator term | Editor. |
| 700 ## - ADDED ENTRY--PERSONAL NAME | |
| 9 (RLIN) | 21130 |
| Personal name | El-Desouky, Ayman, |
| Relator term | Editor. |
| 942 ## - ADDED ENTRY ELEMENTS (KOHA) | |
| Source of classification or shelving scheme | Dewey Decimal Classification |
| Withdrawn status | Item status | Source of classification or shelving scheme | Damaged status | Not for loan | Vendor | Home library | Current library | Shelving location | Date acquired | Source of acquisition | Total Checkouts | Total Renewals | Full call number | Barcode | Date last seen | Date last borrowed | Koha item type |
|---|---|---|---|---|---|---|---|---|---|---|---|---|---|---|---|---|---|
| Dewey Decimal Classification | Central Library | Central Library | First floor | 10/11/2010 | 3 | 4 | 327.41062 BRI | 000022459 | 05/10/2025 | 28/09/2025 | Book - Borrowing | ||||||
| Dewey Decimal Classification | Central Library | Central Library | First floor | 04/07/2019 | Donation | 2 | 327.41062 BRI | 000044684 | 04/10/2025 | 28/09/2025 | Book - Borrowing |